Cercanías Madrid - Estadísticas

Estadísticas generales
  • Esta prueba ha sido intentada 4.740 veces
  • La puntuación promedio es 113 de 191
Estadísticas de respuestas
Respuesta % Correcto
Atocha
97%
Chamartín
91%
Nuevos Ministerios
90%
Sol
89%
Móstoles
86%
Alcalá de Henares
83%
Príncipe Pío
82%
Fuenlabrada
81%
Parla
81%
Villaverde Alto
80%
Guadalajara
77%
Méndez Álvaro
77%
Villaverde Bajo
77%
Recoletos
76%
Leganés
75%
Vallecas
75%
Alcorcón
74%
Aranjuez
73%
Humanes
72%
Aeropuerto T4
71%
Cercedilla
68%
Embajadores
65%
Las Rozas
65%
Pinto
65%
Coslada
64%
Torrejón de Ardoz
63%
Valdemoro
62%
Vicálvaro
62%
Aluche
61%
Móstoles-El Soto
61%
Pirámides
61%
Pitis
61%
El Escorial
60%
El Pozo
59%
Colmenar Viejo
58%
Getafe Industrial
57%
Orcasitas
56%
Delicias
55%
San Fernando
55%
Villalba
55%
Cantoblanco Universidad
54%
Getafe Centro
54%
Tres Cantos
54%
Getafe Sector 3
53%
Las Margaritas Universidad
53%
Majadahonda
53%
Santa Eugenia
53%
Zarzaquemada
53%
Asamblea de Madrid Entrevías
52%
Cotos
52%
Pozuelo
52%
El Casar
51%
Fuencarral
51%
Laguna
51%
Doce de Octubre
50%
Cuatro Vientos
49%
Fuente de la Mora
48%
Meco
48%
Aravaca
46%
Ciempozuelos
46%
Alcobendas-San Sebastián de los Reyes
45%
Azuqueca
45%
La Garena
43%
Ramón y Cajal
43%
Torrelodones
43%
Valdebebas
43%
Las Matas
42%
Las Retamas
42%
Las Águilas
41%
Parque Polvoranca
40%
San Cristóbal Industrial
40%
Alcalá de Henares Universidad
39%
La Serna
39%
Puente Alcocer
39%
Universidad Pontificia de Comillas
39%
Galapagar-La Navata
38%
Puerto de Navacerrada
38%
El Goloso
37%
Mirasierra-Paco de Lucía
37%
San José de Valderas
37%
Fanjul
36%
San Cristóbal de los Ángeles
35%
Soto del Henares
35%
Pinar de las Rozas
33%
El Barrial Centro Comercial
29%
Valdelasfuentes
29%
Alpedrete
26%
Collado Mediano
26%
Las Zorreras
23%
Los Molinos
23%
San Yago
21%
Los Negrales
20%
Robledo de Chavela
16%
Santa María de la Alameda
15%
Zarzalejo
14%
No se encontraron pruebas coincidentes
Distribución de puntuación
Porcentaje de gente con cada puntuación
Porcentaje por número respondido
Historial de tus puntuaciones
No has intentado esta prueba.